[Event "WA Class Championship - A Section"]
[Site "Seattle"]
[Date "2007.11.25"]
[Round "5"]
[White "Smyth, Scott"]
[Black "Smith, Allen S"]
[Result "0-1"]
[WhiteElo "1933"]
[BlackElo "1946"]
[Annotator "Harrison"]
[PlyCount "92"]
[EventDate "2007.11.??"]
[Source "Drayton Harriso"]
[SourceDate "2007.12.23"]

1. e4 c5 2. Nf3 e6 3. d3 Nc6 4. g3 d5 5. Nbd2 Nf6 6. Bg2 Be7 7. O-O O-O 8. e5
Nd7 9. Re1 Qc7 10. Qe2 Rb8 11. c4 b5 12. cxd5 exd5 13. Nf1 Nb6 14. Bf4 Bg4 15.
Qd2 h6 16. h4 c4 17. e6 Bd6 18. Bxd6 Qxd6 19. exf7+ Rxf7 20. N3h2 Bf5 21. dxc4
bxc4 22. b3 Nb4 23. Ne3 Nd3 24. Nxf5 Rxf5 25. Re2 Rbf8 26. f4 Qc5+ 27. Kh1 g5
28. bxc4 dxc4 29. Be4 gxf4 30. Bxf5 Qxf5 31. gxf4 Nd5 32. Re5 Qf7 33. Qg2+ Kh8
34. Rxd5 $6 (34. Qxd5 $1 $18) 34... Rg8 35. Qf3 $4 {Diagram #} (35. Rg5 $1 hxg5
36. fxg5 $16) 35... Qxd5 $1 $19 36. Rf1 (36. Qxd5 Nf2#) 36... Nxf4 37. Qxd5
Nxd5 38. Rc1 c3 39. Nf3 Rg3 40. Nd4 Nf4 41. Rc2 Nd5 42. a3 Rd3 43. Nb3 Ne3 44.
Re2 c2 45. Nc1 Rd1+ 46. Kh2 Rxc1 0-1

[Event "WA Class Championship - A Section"]
[Site "Seattle"]
[Date "2007.11.25"]
[Round "6"]
[White "Smith, Allen S"]
[Black "Gale, Geoff"]
[Result "1-0"]
[WhiteElo "1946"]
[BlackElo "1995"]
[Annotator "Harrison"]
[PlyCount "37"]
[EventDate "2007.11.??"]
[Source "Drayton Harriso"]
[SourceDate "2007.12.23"]

{This game decided the A section after Smith won the battle of opening
preparation.} 1. e4 c5 2. Nf3 Nc6 3. c4 e5 4. Nc3 d6 5. Be2 Be7 6. d3 Bg4 {
Diagram #} 7. Nxe5 $1 Bxe2 8. Nxc6 Bxd1 9. Nxd8 Bc2 10. Nxf7 Bxd3 11. Nxh8 Bxc4
12. Bf4 Nf6 13. O-O-O Rd8 14. Bg3 Nh5 15. Rhe1 Kf8 16. e5 Bg5+ 17. Kb1 Nf4 18.
Bxf4 Bxf4 19. Re4 1-0

[Event "WA Class Championship - A Section"]
[Site "Seattle"]
[Date "2007.11.25"]
[Round "6"]
[White "Hosford, Michael"]
[Black "Lee, Nathan"]
[Result "1/2-1/2"]
[WhiteElo "1892"]
[BlackElo "1757"]
[PlyCount "120"]
[EventDate "2007.11.??"]
[Source "Drayton Harriso"]
[SourceDate "2007.12.23"]

1. e4 c5 2. Nf3 Nc6 3. Bb5 d6 4. d4 cxd4 5. Qxd4 Bd7 6. Bxc6 bxc6 7. O-O e5 8.
Qd3 Qc7 9. c4 Be7 10. Nc3 Nf6 11. b3 O-O 12. Bg5 Rfd8 13. Rad1 Be6 14. Qe2 h6
15. Bc1 Nd7 16. Ne1 f5 17. f4 Rf8 18. exf5 Bxf5 19. Bb2 Rae8 20. fxe5 Nxe5 21.
Qd2 Qb6+ 22. Qd4 Bg4 23. Rxf8+ Rxf8 24. Qxb6 axb6 25. Ra1 Bg5 26. Bc1 Bh4 27.
Be3 Bd8 28. h3 Bf5 29. Rd1 Bc7 30. Ne2 Re8 31. Nd4 Bd7 32. Bf4 Kf7 33. Nd3 Nxd3
34. Rxd3 c5 35. Nb5 Bxb5 36. cxb5 Rd8 37. Kf2 Rd7 38. Ke3 Ke6 39. g4 g5 40. Bg3
Bd8 41. Ke2 Bf6 42. a4 Bd4 43. Rf3 Bf6 44. Kd3 d5 45. Re3+ Kf7 46. Re2 Rb7 47.
Be5 Bxe5 48. Rxe5 Rd7 49. Rf5+ Ke7 50. Re5+ Kf7 51. Rf5+ Ke7 52. h4 gxh4 53.
Rh5 Rd6 54. Rxh4 Re6 55. Rh5 Kd6 56. g5 hxg5 57. Rxg5 Re8 58. Rg6+ Re6 59. Rg8
Kd7 60. Rg7+ Re7 1/2-1/2

[Event "WA Class Championship - B Section"]
[Site "Seattle"]
[Date "2007.11.23"]
[Round "1"]
[White "Buck, Stephen"]
[Black "Golden, Richard"]
[Result "1-0"]
[WhiteElo "1817"]
[BlackElo "1674"]
[PlyCount "143"]
[EventDate "2007.11.??"]
[Source "Drayton Harriso"]
[SourceDate "2007.12.23"]

1. c4 e5 2. Nc3 d6 3. g3 Nf6 4. Bg2 c6 5. Nf3 Be7 6. O-O O-O 7. d3 Re8 8. a3
Bf8 9. b4 h6 10. Bb2 Nbd7 11. Qc2 Rb8 12. Nd2 Qc7 13. Rac1 Be7 14. Nce4 a5 15.
b5 Nxe4 16. Bxe4 Nf6 17. Bg2 Bf5 18. e4 Bd7 19. a4 Rbc8 20. Qb1 Qb6 21. Qa1 Bg4
22. Nf3 c5 23. h3 Bxf3 24. Bxf3 Qd8 25. Kh2 b6 $2 26. Rc2 Nh7 27. Bg4 Rc7 28.
f4 Bf6 29. Rcf2 exf4 30. gxf4 Bxb2 31. Qxb2 Qf6 32. Qxf6 Nxf6 33. Bf3 Ree7 34.
Rg1 g6 35. f5 Kh7 36. Rfg2 g5 37. h4 gxh4 38. Rg7+ Kh8 39. Kh3 Rc8 40. Kxh4 Rg8
41. Rxg8+ Nxg8 42. Kg3 Nf6 43. Kf4 Nh7 44. Rh1 Kg7 45. Rg1+ Ng5 46. Rd1 f6 47.
d4 cxd4 48. Rxd4 Nf7 49. Bh5 Rd7 50. Bxf7 Kxf7 51. Ke3 Rd8 52. Rd2 Ke7 53. Rg2
Rh8 54. Rg7+ Kf8 55. Rd7 h5 56. Rxd6 h4 57. Rxf6+ Ke7 58. Rg6 h3 59. Rg1 Kf6
60. Kd4 Rd8+ 61. Kc3 Ke5 62. Rh1 Rh8 63. c5 bxc5 64. Kc4 Kxe4 65. b6 Kf3 66.
Kxc5 Kg2 67. Rb1 h2 68. b7 h1=Q 69. Rxh1 Kxh1 70. Kb6 Kg2 71. Ka7 Kf3 72. b8=Q
1-0

[Event "WA Class Championship - B Section"]
[Site "Seattle"]
[Date "2007.11.23"]
[Round "1"]
[White "Monkhouse, Neale"]
[Black "Li, William"]
[Result "1-0"]
[WhiteElo "1701"]
[BlackElo "1605"]
[PlyCount "119"]
[EventDate "2007.11.??"]
[Source "Drayton Harriso"]
[SourceDate "2007.12.23"]

1. e4 e5 2. Nc3 Nf6 3. Bc4 Nc6 4. d3 Bc5 5. Bg5 d6 6. h3 Be6 7. Nd5 Na5 8.
Nxf6+ gxf6 9. Bxe6 fxe6 10. Qh5+ Ke7 11. Bh4 Qe8 12. Qe2 Qg6 13. Bg3 Nc6 14. c3
Kd7 15. Nf3 Rae8 16. O-O-O Kc8 17. d4 exd4 18. Nxd4 Bxd4 19. cxd4 d5 20. exd5
exd5 21. Qb5 Qg5+ 22. Kb1 Qf5+ 23. Ka1 Re4 24. Qc5 Qd7 25. Rhe1 Rhe8 26. Rxe4
Rxe4 27. a3 b6 28. Qf8+ Qd8 29. Qg7 Rxd4 30. Rxd4 Nxd4 31. Qg4+ Qd7 32. Qxd4 f5
33. Bf4 c5 34. Qe5 Kb7 35. Qd6 Qf7 36. Qb8+ Ka6 37. Qc8+ Kb5 38. Qc7 Qh5 39.
Qd7+ Kc4 40. Qa4+ Kd3 41. Qb3+ Ke2 42. Qxd5 Kxf2 43. Qd2+ Kf1 44. Bg3 Qe2 45.
Qxe2+ Kxe2 46. Bb8 a6 47. Kb1 Kf2 48. g3 b5 49. Kc2 Ke2 50. Kc3 Ke3 51. Bd6 Kf3
52. Kd3 h5 53. h4 Kg4 54. Ke3 a5 55. Be5 a4 56. Bd6 b4 57. Kd3 Kf3 58. Kc4 Ke4
59. Kxc5 b3 60. Kb4 1-0

[Event "WA Class Championship - B Section"]
[Site "Seattle"]
[Date "2007.11.23"]
[Round "1"]
[White "Copeland, Daniel"]
[Black "Allen, Robert"]
[Result "0-1"]
[WhiteElo "1607"]
[BlackElo "1743"]
[Annotator "Harrison"]
[PlyCount "56"]
[EventDate "2007.11.??"]
[Source "Drayton Harriso"]
[SourceDate "2007.12.23"]

1. e4 c5 2. Nf3 d6 3. d4 cxd4 4. Nxd4 Nf6 5. Nc3 g6 6. Bc4 Bg7 7. f3 O-O 8. h4
{In this game white tries to refute the dragon by going for checkmate as fast
as possible. Black shows that it's not so easy as Bobby Fischer said.} h5 9.
Bg5 Nh7 10. g4 Nxg5 11. hxg5 hxg4 12. Qd2 g3 13. Qf4 g2 14. O-O-O gxh1=Q 15.
Rxh1 e6 16. Ncb5 e5 17. Qh4 Re8 18. Nf5 gxf5 19. g6 Be6 20. gxf7+ Bxf7 21. Qh7+
Kf8 22. Rg1 Qf6 23. Bxf7 Qh6+ 24. Qxh6 Bxh6+ 25. Kd1 Kxf7 26. Nxd6+ Kf8 27.
Nxe8 Kxe8 28. Rg8+ Bf8 0-1

[Event "WA Class Championship - B Section"]
[Site "Seattle"]
[Date "2007.11.24"]
[Round "1"]
[White "Xing, Kerry"]
[Black "Hendricks, David"]
[Result "1-0"]
[WhiteElo "1786"]
[BlackElo "1701"]
[Annotator "Harrison"]
[PlyCount "119"]
[EventDate "2007.11.??"]
[Source "Drayton Harriso"]
[SourceDate "2007.12.23"]

1. d4 d5 2. c4 e6 3. Nc3 Nf6 4. Bg5 Be7 5. Nf3 O-O 6. e3 b6 $2 ({better is} 
6... h6 7. Bh4 b6) 7. Bd3 ({
One way to take advantage of black's omission of ...h6 is} 7. cxd5 Nxd5 8. Bxe7
Qxe7 9. Nxd5 exd5 10. Bd3 $1 {and white will gain another tempo with Qc2,
attacking h7 and gaining control of the c-file.} ({but not} 10. Rc1 Be6 11. Qa4
c5 12. Qa3 Rc8 13. Bb5 a6 {, which is similar to Fischer-Spassky, Reykjavik(6)
1972, except Spassky had played ...h6 already, and eventually Spassky suffered
a kingside attack on the light squares and lost. White should not aim for this
position if black has not played ...h6.})) 7... dxc4 8. Bxc4 Bb7 9. O-O Nbd7
10. Rc1 c5 11. Qe2 Rc8 $6 ({better is} 11... Ne4 {
with a slight advantage for white}) 12. Ba6 Bxa6 13. Qxa6 Ra8 14. Rfd1 Qc8 15.
Qe2 h6 16. Bh4 Qb7 17. e4 cxd4 18. Nxd4 Bc5 19. a3 Rac8 20. Nb3 Rfe8 21. Nxc5
Rxc5 22. Rc2 Rec8 23. Rcd2 R8c7 24. f3 $1 Kh7 {
Diagram # Now white wins material:} 25. Bf2 $1 R5c6 26. Nb5 $1 Rc8 27. Nd6 $1
Rxd6 28. Rxd6 Nc5 29. Bxc5 Rxc5 30. Qd3 e5 31. b4 Rc7 32. Qb5 Nxe4 33. fxe4
Qxe4 34. Qd3 Qxd3 35. R6xd3 f5 36. Rd7 Rc3 37. Rxa7 e4 38. a4 e3 39. Re7 f4 40.
a5 bxa5 41. bxa5 Ra3 42. Rf1 Ra4 43. g3 Kg6 44. Rxf4 Rxa5 45. Rxe3 Ra7 46. Kg2
h5 47. h4 Kh6 48. Re6+ g6 49. Rff6 Rg7 50. Kf3 Kh7 51. Kf4 Kh6 52. Rd6 Rg8 53.
g4 hxg4 54. Kxg4 Kh7 (54... Rg7 55. h5) 55. Kg5 Rg7 56. Rxg6 Ra7 57. Rgf6 Ra5+
58. Rf5 Ra7 59. Rdf6 Rg7+ 60. Kf4 1-0

[Event "WA Class Championship - B Section"]
[Site "Seattle"]
[Date "2007.11.24"]
[Round "1"]
[White "Xing, Casey"]
[Black "Rutgers, Bert"]
[Result "1/2-1/2"]
[WhiteElo "1606"]
[BlackElo "1473"]
[PlyCount "77"]
[EventDate "2007.11.??"]
[Source "Drayton Harriso"]
[SourceDate "2007.12.23"]

1. d4 d5 2. c4 dxc4 3. Nf3 Nf6 4. Nc3 Bf5 5. Bf4 e6 6. e3 Bd6 7. Bxd6 Qxd6 8.
Bxc4 O-O 9. O-O Nbd7 10. Qe2 Qc6 11. Bb5 Qb6 12. Rac1 c6 13. Bc4 Bg4 14. Bb3 e5
15. h3 Bxf3 16. Qxf3 exd4 17. Na4 Qb4 18. Rc4 Qe7 19. Rxd4 c5 20. Rdd1 b5 21.
Nc3 c4 22. Bc2 Ne5 23. Qe2 a6 24. Nd5 Nxd5 25. Rxd5 Rad8 26. Rfd1 Rxd5 27. Rxd5
Rd8 28. Rxd8+ Qxd8 29. a4 Kf8 30. axb5 axb5 31. Qh5 Qd2 32. Qxe5 Qxc2 33. Qxb5
Ke7 34. Qe5+ Kd7 35. Qxg7 Kc6 36. Qc3 Qd1+ 37. Kh2 Qd3 38. Qa5 Qb3 39. Qe5 {
White is winning, but presumably the shorter time control in the 2-day
schedule was a factor.} 1/2-1/2

[Event "WA Class Championship - B Section"]
[Site "Seattle"]
[Date "2007.11.23"]
[Round "2"]
[White "Allen, Robert"]
[Black "Becker, Brett"]
[Result "1/2-1/2"]
[WhiteElo "1743"]
[BlackElo "1605"]
[PlyCount "52"]
[EventDate "2007.11.??"]
[Source "Drayton Harriso"]
[SourceDate "2007.12.23"]

1. d4 Nf6 2. c4 e6 3. Nc3 d5 4. Bg5 Be7 5. Nf3 O-O 6. e3 h6 7. Bh4 Ne4 8. Bxe7
Qxe7 9. Bd3 Nxc3 10. bxc3 dxc4 11. Bxc4 b6 12. O-O Ba6 13. Bxa6 Nxa6 14. Qa4
Nb8 15. Ne5 f6 16. Ng6 Qe8 17. Qc2 Rf7 18. e4 Nd7 19. Rae1 Nf8 20. Nf4 e5 21.
Nd5 Ne6 22. Qd2 c5 23. dxe5 fxe5 24. Re3 Rd8 25. Rd1 Kh8 26. Qe2 Qf8 1/2-1/2

[Event "WA Class Championship - B Section"]
[Site "Seattle"]
[Date "2007.11.23"]
[Round "2"]
[White "Li, William"]
[Black "Qu, Frank"]
[Result "1/2-1/2"]
[WhiteElo "1605"]
[BlackElo "1661"]
[PlyCount "82"]
[EventDate "2007.11.??"]
[Source "Drayton Harriso"]
[SourceDate "2007.12.23"]

1. d4 Nf6 2. Nf3 e6 3. c3 Be7 4. e3 b6 5. Bd3 Bb7 6. Nbd2 d5 7. Qc2 Nbd7 8. O-O
c5 9. Re1 O-O 10. b3 Qc7 11. Bb2 e5 12. e4 Bd6 13. exd5 cxd4 14. cxd4 Qxc2 15.
Bxc2 exd4 16. Nxd4 Nxd5 17. Nc4 Bb4 18. Rec1 Nc5 19. a3 Bc3 20. Bxc3 Nxc3 21.
Bxh7+ Kxh7 22. Rxc3 Rad8 23. Nf5 g6 24. Nfd6 Ba6 25. a4 Bxc4 26. Nxc4 Nd3 27.
g3 Rfe8 28. Rd1 Ne1 29. Nd6 Re6 30. Re3 Rdxd6 31. Rdxe1 Rxe3 32. Rxe3 Rd1+ 33.
Kg2 Rb1 34. Re7 Kg7 35. Rxa7 Rxb3 36. Rb7 Rb4 37. a5 bxa5 38. Ra7 Rb5 39. h4
Kf6 40. g4 Ke6 41. f3 f5 1/2-1/2

[Event "WA Class Championship - B Section"]
[Site "Seattle"]
[Date "2007.11.23"]
[Round "2"]
[White "Wu, Darryl"]
[Black "Buck, Stephen"]
[Result "0-1"]
[WhiteElo "1422"]
[BlackElo "1817"]
[PlyCount "90"]
[EventDate "2007.11.??"]
[Source "Drayton Harriso"]
[SourceDate "2007.12.23"]

1. e4 c5 2. Nc3 d6 3. Nge2 Nf6 4. g3 Nc6 5. d3 Bg4 6. Bg2 Nd4 7. Be3 Nf3+ 8.
Bxf3 Bxf3 9. Rg1 Qd7 10. h4 b5 11. Kd2 b4 12. Nb1 g6 13. Qe1 Bg7 14. c3 O-O 15.
a3 a5 16. Kc1 Ng4 17. Nf4 Ne5 18. Qd2 Qb7 19. a4 Bxe4 20. dxe4 Nf3 21. Qd1 Nxg1
22. Qxg1 Qxe4 23. Qd1 Qb7 24. c4 Rad8 25. Nd2 e6 26. Rb1 d5 27. Bxc5 Rfe8 28.
cxd5 exd5 29. Nb3 Qc6 30. Kd2 Qxa4 31. Ra1 Qb5 32. Rxa5 Qc4 33. Ra4 Bxb2 34.
Bxb4 Rb8 35. Na5 Qd4+ 36. Nd3 Rxb4 37. Rxb4 Bc3+ (37... Qc3#) 38. Kc1 Bxb4 39.
Nxb4 Qxb4 40. Qxd5 Qe1+ 41. Kc2 Qxf2+ 42. Kc3 Qxg3+ 43. Kb4 Qxh4+ 44. Nc4 Rc8
45. Kb5 Qxc4+ 0-1

[Event "WA Class Championship - B Section"]
[Site "Seattle"]
[Date "2007.11.24"]
[Round "2"]
[White "Van Weerdhuizen, Lane"]
[Black "Xing, Kerry"]
[Result "1/2-1/2"]
[WhiteElo "1723"]
[BlackElo "1786"]
[PlyCount "22"]
[EventDate "2007.11.??"]
[Source "Drayton Harriso"]
[SourceDate "2007.12.23"]

1. e4 e6 2. d4 d5 3. exd5 exd5 4. Bd3 Nf6 5. c3 Bd6 6. Ne2 O-O 7. Bg5 Re8 8.
Qc2 h6 9. Bh4 c6 10. Nd2 Nbd7 11. O-O Qc7 {
remaining moves unclear. Drawn on about move 37.} 1/2-1/2

[Event "WA Class Championship - B Section"]
[Site "Seattle"]
[Date "2007.11.24"]
[Round "2"]
[White "Inglis, David"]
[Black "Neff, Ethan"]
[Result "0-1"]
[WhiteElo "1635"]
[BlackElo "1717"]
[PlyCount "114"]
[EventDate "2007.11.??"]
[Source "Drayton Harriso"]
[SourceDate "2007.12.23"]

1. e4 e6 2. d4 d5 3. exd5 exd5 4. Bd3 Nf6 5. c3 Bd6 6. Ne2 O-O 7. O-O h6 8. Bf4
Re8 9. Nd2 Rxe2 10. Bxd6 Rxd2 11. Qxd2 Qxd6 12. Rfe1 Bd7 13. Re3 Nc6 14. Rae1
Re8 15. Qc2 Rxe3 16. Rxe3 Ne7 17. h3 g6 18. Re5 Kg7 19. Qe2 Be6 20. Kf1 Nd7 21.
Re3 Nf5 22. Rf3 Qh2 23. Ke1 Qxg2 24. Kd2 Qg5+ 25. Kc2 Nd6 26. Rg3 Qf6 27. Rf3
Bf5 28. Qe3 Nc4 29. Qe2 Bxd3+ 30. Qxd3 Qa6 31. Kb1 Qe6 32. b3 Qe1+ 33. Kc2 Nd6
34. h4 Qa1 35. Qd1 Qxa2+ 36. Kd3 Ne4 37. Qc2 Qxc2+ 38. Kxc2 f5 39. Kd3 a5 40.
c4 c6 41. cxd5 cxd5 42. Kc2 Kf6 43. Kb2 b5 44. Ka3 g5 45. hxg5+ Kxg5 46. Kb2
Nb6 47. Kc2 f4 48. Kd3 Kg4 49. Ke2 h5 50. Rd3 h4 51. Kf1 Ng5 52. Kg2 h3+ 53.
Kh2 Nf3+ 54. Kh1 Nd7 55. Rd1 Nf6 56. Rf1 Ne4 57. Ra1 Nxf2# 0-1

[Event "WA Class Championship - B Section"]
[Site "Seattle"]
[Date "2007.11.24"]
[Round "2"]
[White "Yue, Bryan"]
[Black "Xing, Casey"]
[Result "1-0"]
[WhiteElo "1628"]
[BlackElo "1606"]
[PlyCount "71"]
[EventDate "2007.11.??"]
[Source "Drayton Harriso"]
[SourceDate "2007.12.23"]

1. e4 e6 2. d4 d5 3. Nc3 Bb4 4. e5 c5 5. a3 Bxc3+ 6. bxc3 Ne7 7. f4 Nbc6 8. Nf3
Qc7 9. Bd3 c4 10. Be2 Bd7 11. a4 Qa5 12. Bd2 Ng6 13. O-O h5 14. Qb1 Qc7 15. Ng5
f6 16. exf6 gxf6 17. Nxe6 Bxe6 18. f5 O-O-O 19. fxg6 Qg7 20. Qe1 Bd7 21. Qh4
Qxg6 22. Rxf6 Qxc2 23. Qf4 Qb2 24. Rf1 Rde8 25. Bf3 Be6 26. Rxe6 Rxe6 27. Qf5
Qxd2 28. Qxe6+ Kb8 29. Bxd5 Rc8 30. Bxc6 Qxc3 31. Qd6+ Ka8 32. Bxb7+ Kxb7 33.
Rf7+ Ka8 34. Qd5+ Rc6 35. Qxc6+ Kb8 36. Qe8# 1-0

[Event "WA Class Championship - B Section"]
[Site "Seattle"]
[Date "2007.11.24"]
[Round "3"]
[White "Wilkinson, F Scott"]
[Black "Li, William"]
[Result "0-1"]
[WhiteElo "1748"]
[BlackElo "1605"]
[PlyCount "70"]
[EventDate "2007.11.??"]
[Source "Drayton Harriso"]
[SourceDate "2007.12.23"]

1. e4 e5 2. Nc3 Nf6 3. Bc4 Nc6 4. d3 Bb4 5. Nge2 d6 6. Bg5 Be6 7. O-O Na5 8.
Bxe6 fxe6 9. a3 Bxc3 10. Nxc3 O-O 11. Qd2 Nc6 12. Ne2 d5 13. Ng3 Nd4 14. Rae1
Qd6 15. c3 Nb3 16. Qd1 Nc5 17. b4 Ncd7 18. Qe2 Rae8 19. f4 h6 20. Bxf6 Rxf6 21.
f5 c6 22. Qg4 Rf7 23. Nh5 Nf6 24. Qg6 Nxh5 25. Qxh5 Ref8 26. g4 Qe7 27. h4 exf5
28. Rxf5 Rxf5 29. exf5 e4 30. Kf2 Qe5 31. d4 Qf4+ 32. Ke2 e3 33. Kd3 Qe4+ 34.
Ke2 Re8 35. g5 Qg2+ 0-1

[Event "WA Class Championship - B Section"]
[Site "Seattle"]
[Date "2007.11.24"]
[Round "3"]
[White "Dixon, Blake"]
[Black "Allen, Robert"]
[Result "0-1"]
[WhiteElo "1585"]
[BlackElo "1743"]
[PlyCount "68"]
[EventDate "2007.11.??"]
[Source "Drayton Harriso"]
[SourceDate "2007.12.23"]

1. Nf3 Nf6 2. g3 g6 3. Bg2 Bg7 4. O-O O-O 5. d4 d5 6. c4 e6 7. Nc3 b6 8. Bd2
Bb7 9. cxd5 exd5 10. e3 Nbd7 11. Qe2 Rc8 12. b4 Re8 13. Rab1 c6 14. Ne1 Qc7 15.
Nc2 c5 16. bxc5 bxc5 17. Nb5 Qb6 18. Nd6 Ba6 19. Rxb6 Bxe2 20. Nxe8 Bxf1 21.
Nxf6+ Nxf6 22. Rb1 Bd3 23. Rb2 c4 24. Nb4 c3 25. Bxc3 Rxc3 26. Bxd5 Nxd5 27.
Nxd5 Rc1+ 28. Kg2 Be4+ 29. f3 Bxd5 30. e4 Bc4 31. Rd2 Bf8 32. d5 Bf1+ 33. Kg1
Bc5+ 34. Rf2 Bh3# 0-1

[Event "WA Class Championship - B Section"]
[Site "Seattle"]
[Date "2007.11.24"]
[Round "3"]
[White "Xing, Kerry"]
[Black "Yue, Bryan"]
[Result "1-0"]
[WhiteElo "1786"]
[BlackElo "1628"]
[PlyCount "103"]
[EventDate "2007.11.??"]
[Source "Drayton Harriso"]
[SourceDate "2007.12.23"]

1. d4 Nf6 2. c4 g6 3. Nc3 d5 4. Bg5 Ne4 5. Bh4 Nxc3 6. bxc3 Bg7 7. e3 c5 8. Bd3
dxc4 9. Bxc4 Nc6 10. Ne2 O-O 11. O-O cxd4 12. cxd4 Na5 13. Bd3 Be6 14. Qa4 b6
15. Nf4 Bd7 16. Qa3 Re8 17. Rac1 Bc6 18. Rfd1 Qd7 19. d5 Ba4 20. Bc2 Bxc2 21.
Rxc2 Qg4 22. Rdc1 Qxh4 23. h3 Be5 24. Ne2 Bd6 25. Qd3 Nb7 26. Rc4 Qf6 27. h4
Nc5 28. Qd1 h5 29. Nf4 Bxf4 30. Rxf4 Qe5 31. g4 Rad8 32. Rcc4 Rxd5 33. Qf3 Qa1+
34. Kh2 Rd1 35. gxh5 Nd3 36. hxg6 Nxf4 $4 37. gxf7+ Kxf7 38. Rxf4+ Ke6 39. Qc6+
Rd6 40. Qxe8 Qe5 41. Qf7+ Kd7 42. Qf5+ Qxf5 43. Rxf5 Rd2 44. a4 Ra2 45. Rf4 e5
46. Rf7+ Ke6 47. Rxa7 Rxf2+ 48. Kg3 Re2 49. Kf3 Rh2 50. Rh7 Ra2 51. Rh6+ Kf5
52. e4# 1-0

[Event "WA Class Championship - B Section"]
[Site "Seattle"]
[Date "2007.11.24"]
[Round "3"]
[White "Hendricks, David"]
[Black "Xing, Casey"]
[Result "0-1"]
[WhiteElo "1701"]
[BlackElo "1606"]
[PlyCount "120"]
[EventDate "2007.11.??"]
[Source "Drayton Harriso"]
[SourceDate "2007.12.23"]

1. d4 Nf6 2. c4 g6 3. Nc3 d5 4. cxd5 Nxd5 5. e4 Nxc3 6. bxc3 Bg7 7. Bc4 c5 8.
Ne2 Nc6 9. Be3 O-O 10. h3 Na5 11. Bd3 c4 12. Bc2 b5 13. O-O e6 14. f4 Bb7 15.
Qe1 Qe7 16. Qg3 f5 17. e5 a6 18. a4 Bc6 19. axb5 axb5 20. Rfb1 Nb7 21. Qe1 Rfb8
22. Rxa8 Rxa8 23. Ra1 Ra3 24. Qc1 Rxa1 25. Qxa1 Nd8 26. Qa5 Nf7 27. Bc1 Qb7 28.
d5 Bxd5 29. Nd4 Bxg2 30. Qxb5 Qxb5 31. Nxb5 Bd5 32. Bd1 Bh6 33. h4 Nxe5 34. Be2
Nf7 35. Kf2 Kf8 36. Ba3+ Ke8 37. Nd6+ Nxd6 38. Bxd6 Bg7 39. Be5 Bf8 40. Ke3
Bc5+ 41. Bd4 Be7 42. h5 Kd7 43. hxg6 hxg6 44. Be5 Kc6 45. Bd1 Kb5 46. Bc2 Bc5+
47. Bd4 Be7 48. Ba7 g5 49. fxg5 Bxg5+ 50. Kd4 Bf6+ 51. Ke3 Bxc3 52. Bb8 Bg7 53.
Bd6 Kc6 54. Bb4 Kb5 55. Bd6 c3 56. Be7 Bc4 57. Bd1 Kc6 58. Bb4 Kd5 59. Ba5 Bd4+
60. Kf3 Ke5 0-1

[Event "WA Class Championship - B Section"]
[Site "Seattle"]
[Date "2007.11.24"]
[Round "3"]
[White "Neff, Ethan"]
[Black "Van Weerdhuizen, Lane"]
[Result "1/2-1/2"]
[WhiteElo "1717"]
[BlackElo "1723"]
[PlyCount "119"]
[EventDate "2007.11.??"]
[Source "Drayton Harriso"]
[SourceDate "2007.12.23"]

1. e4 e6 2. d4 d5 3. exd5 exd5 4. c4 Bb4+ 5. Nc3 c6 6. a3 Bxc3+ 7. bxc3 Nf6 8.
Nf3 O-O 9. Be2 Bf5 10. O-O Nbd7 11. Bf4 dxc4 12. Bxc4 Nb6 13. Bd3 Bxd3 14. Qxd3
c5 15. a4 c4 16. Qf5 Qd7 17. Qxd7 Nfxd7 18. Rfb1 Nd5 19. Bd6 Nxc3 20. Rxb7 Rfd8
21. Kf1 $6 (21. Be7 $1 $18) 21... Nd5 22. Rc1 N7b6 23. Bc5 c3 24. a5 Nc4 25. a6
c2 26. Rxc2 Nde3+ 27. fxe3 Nxe3+ 28. Ke2 Nxc2 29. Kd2 Nxd4 30. Nxd4 Rd5 31.
Bxa7 Rd6 32. Bb6 g6 33. a7 Rxb6 34. Rxb6 Rxa7 35. Ke3 Kg7 36. h4 h6 37. g4 Ra4
38. Rd6 Ra3+ 39. Kf4 Rh3 40. Nf3 Rh1 41. Rd2 Rb1 42. Ke5 f6+ 43. Ke6 Rb6+ 44.
Rd6 Rxd6+ 45. Kxd6 h5 46. gxh5 g5 47. Nxg5 Kh6 48. Nf3 Kxh5 49. Ke6 Kg6 50. Ke7
f5 51. Ke6 f4 52. Ke5 Kh5 53. Kxf4 Kh6 54. Kg4 Kg6 55. h5+ Kh6 56. Kh4 Kh7 57.
Kg5 Kh8 58. h6 Kg8 59. Kg6 Kh8 60. h7 $4 {stalemate} 1/2-1/2

[Event "WA Class Championship - B Section"]
[Site "Seattle"]
[Date "2007.11.24"]
[Round "3"]
[White "Copeland, Daniel"]
[Black "Wu, Darryl"]
[Result "1/2-1/2"]
[WhiteElo "1607"]
[BlackElo "1422"]
[PlyCount "72"]
[EventDate "2007.11.??"]
[Source "Drayton Harriso"]
[SourceDate "2007.12.23"]

1. e4 d5 2. exd5 Qxd5 3. Nc3 Qa5 4. d4 c6 5. Bc4 Bf5 6. Nf3 e6 7. O-O Nf6 8.
Qe2 Bd6 9. Nh4 Bg6 10. Bxe6 fxe6 11. Qxe6+ Be7 12. Nxg6 hxg6 13. Re1 Qd8 14.
Ne4 Nxe4 15. Qxg6+ Kf8 16. Rxe4 Nd7 17. Qf5+ Nf6 18. Bg5 Qd5 19. Re5 Qxd4 20.
Rae1 Qd6 21. Rxe7 Qxh2+ 22. Kf1 Qh1+ 23. Ke2 Qxe1+ 24. Kxe1 Kxe7 25. Qg6 Rhg8
26. f4 Raf8 27. Qe4+ Kf7 28. Qf5 Re8+ 29. Kf2 Re6 30. Bxf6 gxf6 31. Qh5+ Kf8
32. f5 Re5 33. Qh6+ Kf7 34. Qh5+ Kf8 35. Qh6+ Kf7 36. Qh5+ Kf8 1/2-1/2

[Event "WA Class Championship - B Section"]
[Site "Seattle"]
[Date "2007.11.24"]
[Round "4"]
[White "Allen, Robert"]
[Black "Xing, Kerry"]
[Result "0-1"]
[WhiteElo "1743"]
[BlackElo "1786"]
[PlyCount "66"]
[EventDate "2007.11.??"]
[Source "Drayton Harriso"]
[SourceDate "2007.12.23"]

1. d4 f5 2. c4 Nf6 3. Nc3 g6 4. g3 Bg7 5. Bg2 O-O 6. Nf3 d6 7. O-O Qe8 8. Nb5
Na6 9. d5 Bd7 10. Nbd4 h6 11. Re1 g5 12. Nd2 Nc5 13. Rb1 a5 14. b3 Ng4 15. N4f3
Ne4 16. Rf1 Nc3 17. Qc2 Nxb1 18. Qxb1 Ne5 19. e4 Nxf3+ 20. Nxf3 f4 21. Re1 Bg4
22. gxf4 gxf4 23. e5 Qh5 24. exd6 exd6 25. Qd3 Rae8 26. Rxe8 Qxe8 27. Bd2 b6
28. Nh4 Be5 29. Be4 Qh5 30. Ng6 f3 31. Nxe5 dxe5 32. Bc3 Qg5 33. Kh1 Qc1+ 0-1

[Event "WA Class Championship - B Section"]
[Site "Seattle"]
[Date "2007.11.24"]
[Round "4"]
[White "Van Veen, Kerry"]
[Black "Qu, Frank"]
[Result "0-1"]
[WhiteElo "1432"]
[BlackElo "1661"]
[PlyCount "80"]
[EventDate "2007.11.??"]
[Source "Drayton Harriso"]
[SourceDate "2007.12.23"]

1. d4 Nf6 2. c4 e6 3. Nc3 Bb4 4. e3 b6 5. a3 Bxc3+ 6. bxc3 Nc6 7. Bd3 Ba6 8. e4
e5 9. d5 Na5 10. Qa4 O-O 11. Bg5 d6 12. Ne2 h6 13. Be3 Bc8 14. O-O Bd7 15. Qc2
Ng4 16. Bc1 Qe8 17. Ng3 Ba4 18. Qe2 Nf6 19. Qf3 Qd8 20. Nf5 Kh8 21. Qg3 Rg8 22.
Qh4 Nh7 23. Qe7 Qxe7 24. Nxe7 Rge8 25. Nf5 Nb3 26. Bc2 Nc5 27. Bxa4 Nxa4 28.
Bd2 Nc5 29. Rae1 Nf6 30. Ng3 Nb3 31. Rd1 Na5 32. f4 Nxc4 33. Bc1 Nd7 34. Nf5
Nc5 35. fxe5 Rxe5 36. Bxh6 gxh6 37. Nxh6 Rxe4 38. Nxf7+ Kg7 39. Rf2 Ne3 40. Re1
Nd3 0-1